| 000 | 01591aam a2200289 i 4500 | ||
|---|---|---|---|
| 001 | 768714001 | ||
| 003 | CO-MdFUSB | ||
| 005 | 20240221120451.0 | ||
| 007 | ta | ||
| 008 | 240221t1957 ag |||| |||| 00| 0 spa d | ||
| 040 | _cCO-MdFUSB | ||
| 041 | 0 | _aspa | |
| 082 | 0 | 4 |
_a264.23 _223 _bC2159c |
| 100 | 1 |
_aCanclini, Arnoldo _eautor |
|
| 245 | 1 | 0 |
_aCantaré con entendimiento _b: historias de himnos famosos _c/ Arnoldo Canclini |
| 264 | 1 |
_bCasa Bautista de Publicaciones, _aBuenos Aires, Argentina : _c[1957] |
|
| 264 | 4 | _c©1957 | |
| 300 |
_a174 páginas _c; 18cm |
||
| 336 |
_atexto _btxt _2rdacontent |
||
| 337 |
_2rdamedia _asin mediación _bn |
||
| 338 |
_2rdacarrier _avolumen _bnc |
||
| 505 | _aLuz en el corazón de un ciego. -- El himno infantil que cantaron los soldados. -- La oración en el tiempo de la angustia. -- El recuerdo de Belén hecho canción. -- Tres nombres gloriosos en un sólo himno. -- Un himno de ambiente marino. -- La poetisa de la consagración. -- La canción popular que forjó una leyenda. -- El gran himno sobre el juicio final. -- La libertad espiritual de los esclavos hecha canción. -- Un himno de nuestros tiempos. -- El agradable polizón de nuestros himnarios. -- El himno favorito de David Livingstone. -- El pequeño templo que un himno ha hecho célebre. -- Una gran parábola puesta en música. -- El "himno milagro" que habla de la cruz. -- La poetiza, el trovador y el predicador de Suecia. -- La canción del cisne o Una oración contestada. | ||
| 563 | _aRústico | ||
| 653 | _aHimnos religiosos | ||
| 942 | _cBK | ||
| 945 | _aJTF-925 | ||
| 999 |
_c35853 _d35853 |
||